Star Wars, not Star Trek Quiz Stats

 Plays Quiz Updated Jan 24, 2015

Challenge
Share
Tweet
Embed
Score 0/20 Timer 03:00
15 Plays Today
% Correct
Count Dooku
95.4%
Darth Vader
95.2%
Jabba the Hutt
94.3%
Luke Skywalker
94.2%
Boba Fett
92.7%
Greedo
91.9%
Queen Amidala
90.7%
Bail Organa
88.4%
Watto
86.2%
Mon Mothma
82.4%
% Correct
Biggs Darklighter
81.8%
Wedge Antilles
81.6%
Sebulba
80.7%
Kit Fisto
79.3%
Wilhuff Tarkin
77.7%
Nute Gunray
77.7%
Cliegg Lars
74.8%
IG-88
74.4%
Sio Bibble
70.6%
Ponda Baba
69.6%

You're not logged in!

Compare scores with friends on all Sporcle quizzes.
Join for Free
OR
Log In

You Might Also Like...

Show Comments

Extras

Top Quizzes Today


Score Distribution

Your Account Isn't Verified!

In order to create a playlist on Sporcle, you need to verify the email address you used during registration. Go to your Sporcle Settings to finish the process.

Report this User

Report this user for behavior that violates our Community Guidelines.

Details: